Online
Catalog

El poder del centro : (Record no. 40294)

MARC details
000 -CABECERA
campo de control de longitud fija 00837nam a2200205 a 4500
001 - NÚMERO DE CONTROL
campo de control 000040804
005 - FECHA Y HORA DE LA ÚLTIMA TRANSACCIÓN
campo de control 20201002034406.0
008 - DATOS DE LONGITUD FIJA--INFORMACIÓN GENERAL
campo de control de longitud fija 130906s2011 sp a 000 0 spa d
020 ## - NÚMERO INTERNACIONAL ESTÁNDAR DEL LIBRO
Número Internacional Estándar del Libro 9788446011767
040 ## - FUENTE DE LA CATALOGACIÓN
Centro catalogador/agencia de origen DO-SdBNP
100 1# - ENTRADA PRINCIPAL--NOMBRE DE PERSONA
Nombre de persona Arnheim, Rudolf
Fechas asociadas al nombre 1904-2007.
9 (RLIN) 67224
245 13 - MENCIÓN DE TÍTULO
Título El poder del centro :
Resto del título viersión definitiva, estudio sobre la composición en las artes visuales / Rudolf Arnheim ; versión española de Remigio Gómez Díaz. /
Mención de responsabilidad, etc. Rudolf Arnheim ; versión española de Remigio Gómez Díaz.
260 ## - PUBLICACIÓN, DISTRIBUCIÓN, ETC.
Lugar de publicación, distribución, etc. Madrid :
Nombre del editor, distribuidor, etc. Akal Arte Estética,
Fecha de publicación, distribución, etc. 2011.
300 ## - DESCRIPCIÓN FÍSICA
Extensión 250 p. :
Otras características físicas il. ;
Dimensiones 23 cm.
490 1# - MENCIÓN DE SERIE
Mención de serie Akal Arte Estética
Designación de volumen o secuencia 58
504 ## - NOTA DE BIBLIOGRAFÍA, ETC.
Nota de bibliografía, etc. Incluye bibliografía e índice.
700 1# - PUNTO DE ACCESO ADICIONAL--NOMBRE DE PERSONA
Nombre de persona Gómez Díaz, Remigio,
Término indicativo de función/relación tr.
9 (RLIN) 67202
700 1# - PUNTO DE ACCESO ADICIONAL--NOMBRE DE PERSONA
Nombre de persona Alvaro Herrán-Biblioteca.
9 (RLIN) 67225
830 #0 - PUNTO DE ACCESO ADICIONAL DE SERIE-TÍTULO UNIFORME
Título uniforme Akal Arte Estética,
Designación de volumen o secuencia 58
9 (RLIN) 67226
Holdings
Estado de retiro Estado de pérdida Restricciones de uso No para préstamo Código de colección Localización permanente Ubicación/localización actual Ubicación en estantería Fecha de adquisición Número de inventario Total de préstamos Signatura topográfica completa Código de barras Fecha visto por última vez Precio válido a partir de Tipo de ítem Koha
      Excluido de préstamo Monografías: Libros y Folletos General General En catalogación 06.09.2013 LF1   40804-10 25.06.2020 25.06.2020 No se presta

Powered by Koha